000 00999nmm a2200325 a 4500
001 ocm000591907
003 TR-IsHL
005 20201028120340.0
008 130625s2012 tu tur
007 cr cn
020 _a9789758312641
035 _a591907
_b(N$T)
050 0 4 _aBD518.T8
_bK48 2012
090 0 4 _aBD518.T8
_bK48 2012
100 1 _aKeskinkılıç, Emel
245 1 0 _aTanrı insanda uyur insanda uyanır
_h[electronic resource] /
_cEmel Keskinkılıç
250 _a1. bs.
260 _aİstanbul :
_bSınır ötesi yayınları,
_c2012
300 _a336 p.
650 4 _aFelsefe, Psikoloji ve Din
650 4 _aPhilosophy, Psychology and Religion
650 0 _aYaşam
650 0 _aLife
650 0 _aKozmoloji
650 0 _aCosmology
650 0 _aMikrokozmos ve makrokozmos
650 0 _aMicrocosm and macrocosm
650 7 _aSCIENCE / Cosmology
_2bisacsh
856 4 0 _uhttp://search.ebscohost.com/login.aspx?direct=true&scope=site&db=e011xww&AN=591907
999 _c740
_d740